000 00865nam a2200277Ia 4500
001 Z_665
003 CHAP
008 220113s1981 xx 000 0 und d
010 _a163514
040 _cCHAP
090 _aTesis S 188
100 _aSusano Hernández, Roberto
_9110780
245 _aEfectos del pastoreo de bovinos sobre la dinámica de la vegetación herbácea en bosques de Pinus hartwegii Lind /
_cpor Roberto Susano Hernández
260 _aChapingo, Méx. :
_bEl autor,
_c1981
300 _a110 h.; ilus.
502 _aTesis (Ing. Agrónomo Esp. en Zootecnia) -- UACH. Departamento de Zootecnia
650 _aArboles
_xDaños por animales
_96587
650 _aGanado vacuno
_xPastoreo
_945502
650 _aPinus hartwegii
_988340
901 _aTESIS S 188
902 _aM
910 _a1981
942 _c2
942 _c2
999 _c163514
_d163514